00265nam a2200109Ia 4500008004100000020001800041041000800059100001100067245004000078260002900118300000800147230822s2006 xx 000 0 und d a9780000000000 aeng aRIX M. aSUBTROPICAL AND DRY CLIMATE PLANTS. bOCTOPUS PUBLISHINGc2006 a117